Baker and another v SoS Environment (Record no. 68140)
[ view plain ]
| 000 -LEADER | |
|---|---|
| fixed length control field | 01040cam a2200181 4500 |
| 001 - CONTROL NUMBER | |
| control field | X114411 |
| 008 - FIXED-LENGTH DATA ELEMENTS--GENERAL INFORMATION | |
| fixed length control field | 010903n2001 000 0 eng u |
| 035 ## - SYSTEM CONTROL NUMBER | |
| System control number | (Sirsi) u114411 |
| 245 ## - TITLE STATEMENT | |
| Title | Baker and another v SoS Environment |
| 260 ## - PUBLICATION, DISTRIBUTION, ETC. | |
| Date of publication, distribution, etc. | 2001 |
| 490 ## - SERIES STATEMENT | |
| Series statement | Property, Planning and Compensation Reports |
| Volume/sequential designation | [2001] 82 P&CR319-327(9) |
| 520 ## - SUMMARY, ETC. | |
| Summary, etc. | QBD 26 January 2001. Town and country planning-Enforcement.Four year limitation period on enforcement against single dwelling house use. Parial occupation of builiding for residential purposes. Written representation apeal procedure. Inspector conlcuding whole not part of building had to be occuped to benefit from immunity. whether enforcement notice too wide preventing reversion to earlier lawful use. Extend to which written submissions can be changeed on site visit. (Taken from headnote) |
| 650 ## - SUBJECT ADDED ENTRY--TOPICAL TERM | |
| Topical term or geographic name entry element | BAKER V SOS ENVIRONMENT |
| 650 ## - SUBJECT ADDED ENTRY--TOPICAL TERM | |
| Topical term or geographic name entry element | ENFORCEMENT NOTICE |
| 650 ## - SUBJECT ADDED ENTRY--TOPICAL TERM | |
| Topical term or geographic name entry element | WRITTEN SUBMISSIONS |
| 690 ## - LOCAL SUBJECT ADDED ENTRY--TOPICAL TERM (OCLC, RLIN) | |
| Topical term or geographic name as entry element | ENVIRONMENTAL AND LAND CONSULTANCY-PLANNING AND DEVELOPMENT |
| 942 ## - ADDED ENTRY ELEMENTS (KOHA) | |
| Suppress in OPAC | 0 |
| Withdrawn status | Lost status | Source of classification or shelving scheme | Damaged status | Not for loan | Home library | Current library | Shelving location | Date acquired | Total Checkouts | Full call number | Barcode | Date last seen | Copy number | Price effective from | Koha item type |
|---|---|---|---|---|---|---|---|---|---|---|---|---|---|---|---|
| Dewey Decimal Classification | London | London | Journal article | 03/09/2001 | X114411 | 114411-1001 | 06/08/2019 | 1 | 06/08/2019 | Law report |